[Event "Scarborough CC Falling Leaves"]
[Site "Toronto CAN"]
[Date "2009.11.05"]
[Round "1"]
[White "Stewart, Frankie"]
[Black "Picana, Andrew"]
[Result "0-1"]
[WhiteElo "1780"]
[BlackElo "2086"]
[PlyCount "96"]
[GameId "2160767910030440"]
[EventDate "2009.11.05"]
[EventType "swiss"]
[EventRounds "7"]
[EventCountry "CAN"]
[SourceTitle "EXT 2011"]
[Source "ChessBase"]
[SourceDate "2011.11.26"]
[SourceVersion "1"]
[SourceVersionDate "2011.11.26"]
[SourceQuality "1"]

1. e4 d6 2. d4 Nf6 3. Nc3 g6 4. Nf3 Bg7 5. Be2 O-O 6. O-O a6 7. Bf4 Nbd7 8. Qd2 Re8 9. Rad1 c6 10. h3 b5 11. e5 b4 12. exf6 bxc3 13. Qxc3 Nxf6 14. Qxc6 Bd7 15. Qc3 Nd5 16. Qd2 Nxf4 17. Qxf4 Qb6 18. Bc4 e6 19. Ng5 Rf8 20. Bb3 d5 21. c3 a5 22. Rd2 a4 23. Bd1 Qd8 24. Nf3 Qc8 25. Qd6 a3 26. bxa3 Bb5 27. Be2 Bxe2 28. Rxe2 Qxc3 29. Qb4 Qxa3 30. Qxa3 Rxa3 31. Rb1 Rfa8 32. Rb7 h6 33. Kf1 R3a4 34. Rd2 Rc4 35. Ke2 g5 36. Kd3 Kh7 37. Rc2 Ra3+ 38. Ke2 Bxd4 39. Nxd4 Rxd4 40. Rb3 Raa4 41. a3 Kg6 42. f3 h5 43. Rc7 Rdc4 44. Rxc4 dxc4 45. Rc3 Kf5 46. Ke3 Ke5 47. g3 Kd5 48. f4 gxf4+ 0-1

[Event "Scarborough CC Falling Leaves"]
[Site "Toronto CAN"]
[Date "2009.11.05"]
[Round "1"]
[White "Takov, Chris"]
[Black "Southam, David"]
[Result "0-1"]
[WhiteElo "1792"]
[BlackElo "2163"]
[PlyCount "120"]
[GameId "2160767910030441"]
[EventDate "2009.11.05"]
[EventType "swiss"]
[EventRounds "7"]
[EventCountry "CAN"]
[SourceTitle "EXT 2011"]
[Source "ChessBase"]
[SourceDate "2011.11.26"]
[SourceVersion "1"]
[SourceVersionDate "2011.11.26"]
[SourceQuality "1"]

1. d4 Nf6 2. c4 c5 3. d5 b5 4. Nc3 b4 5. Na4 d6 6. b3 e5 7. f3 Be7 8. e4 O-O 9. Qc2 g6 10. Bh6 Re8 11. Ne2 Nh5 12. Qd2 Nd7 13. g4 Bh4+ 14. Kd1 Ng7 15. Ng3 Nb6 16. Nb2 a5 17. a4 Ra7 18. Rg1 f6 19. Nd3 Rf7 20. Qg2 Bg5 21. Qh3 Bd7 22. Be2 Nc8 23. f4 exf4 24. Nxf4 Qe7 25. Nd3 Nb6 26. Bxg5 fxg5 27. Kd2 Bc8 28. Rae1 Nd7 29. Qg2 Ne5 30. h3 Ref8 31. Rgf1 Ne8 32. Rxf7 Rxf7 33. Rf1 Nf6 34. Bd1 Nxd3 35. Kxd3 Qe5 36. Ne2 Bd7 37. Bc2 Be8 38. Ke3 Qb2 39. Kd2 Re7 40. Rb1 Qe5 41. Ke3 Nd7 42. Qg3 Qf6 43. Qf3 Qg7 44. Qg3 Ne5 45. Rf1 Bd7 46. Qh2 Bxg4 47. Qg3 Bxe2 48. Kxe2 h6 49. Qe3 Rf7 50. Rxf7 Qxf7 51. Bd1 Qf4 52. Kd2 Kg7 53. Be2 Kf6 54. Bd1 h5 55. Be2 Nd7 56. Kd3 Qxe3+ 57. Kxe3 Ke5 58. Bf3 Nf6 59. Bg2 g4 60. h4 Nh7 0-1

[Event "Scarborough CC Falling Leaves"]
[Site "Toronto CAN"]
[Date "2009.11.05"]
[Round "1"]
[White "Ugodnikov, Arkadiy"]
[Black "Lamb, Bryan"]
[Result "0-1"]
[WhiteElo "1818"]
[BlackElo "2222"]
[PlyCount "40"]
[GameId "2160767910030442"]
[EventDate "2009.11.05"]
[EventType "swiss"]
[EventRounds "7"]
[EventCountry "CAN"]
[SourceTitle "EXT 2011"]
[Source "ChessBase"]
[SourceDate "2011.11.26"]
[SourceVersion "1"]
[SourceVersionDate "2011.11.26"]
[SourceQuality "1"]

1. e4 e6 2. d4 d5 3. Nd2 Nf6 4. e5 Nfd7 5. Bd3 c5 6. c3 Nc6 7. Ne2 cxd4 8. cxd4 Qb6 9. Nf3 f6 10. exf6 Nxf6 11. O-O Bd6 12. a3 O-O 13. b4 e5 14. dxe5 Nxe5 15. Nxe5 Bxe5 16. Rb1 Ng4 17. Be3 Nxe3 18. fxe3 Qxe3+ 19. Kh1 Rxf1+ 20. Qxf1 Qxd3 0-1

[Event "Scarborough CC Falling Leaves"]
[Site "Toronto CAN"]
[Date "2009.11.05"]
[Round "1"]
[White "Verde, Pino"]
[Black "Pedersen, Rune"]
[Result "0-1"]
[WhiteElo "1830"]
[BlackElo "2383"]
[PlyCount "60"]
[GameId "2160767910030443"]
[EventDate "2009.11.05"]
[EventType "swiss"]
[EventRounds "7"]
[EventCountry "CAN"]
[SourceTitle "EXT 2011"]
[Source "ChessBase"]
[SourceDate "2011.11.26"]
[SourceVersion "1"]
[SourceVersionDate "2011.11.26"]
[SourceQuality "1"]

1. e4 c5 2. Nf3 Nc6 3. d4 cxd4 4. Nxd4 g6 5. f4 Bg7 6. Be3 Qb6 7. Nf5 Qxb2 8. Nxg7+ Qxg7 9. c3 d6 10. Bb5 Nf6 11. Bd4 O-O 12. Bxc6 bxc6 13. e5 Nd5 14. exd6 f6 15. dxe7 Qxe7+ 16. Kf2 Rb8 17. Re1 Qc7 18. g3 Rb2+ 19. Re2 Bg4 20. Nd2 Nxf4 21. gxf4 Qxf4+ 22. Ke1 Kf7 23. Rf2 Re8+ 24. Kf1 Qg5 25. Rf3 Rxd2 26. Qb3+ Be6 27. Qb7+ Re7 28. Qxe7+ Kxe7 29. Bxf6+ Qxf6 30. Rxf6 Kxf6 0-1

[Event "Scarborough CC Falling Leaves"]
[Site "Toronto CAN"]
[Date "2009.11.05"]
[Round "1"]
[White "Ward, Dean"]
[Black "Ferreira, Alex"]
[Result "0-1"]
[WhiteElo "1766"]
[BlackElo "2003"]
[PlyCount "104"]
[GameId "2160767910030444"]
[EventDate "2009.11.05"]
[EventType "swiss"]
[EventRounds "7"]
[EventCountry "CAN"]
[SourceTitle "EXT 2011"]
[Source "ChessBase"]
[SourceDate "2011.11.26"]
[SourceVersion "1"]
[SourceVersionDate "2011.11.26"]
[SourceQuality "1"]

1. d4 d5 2. c4 e5 3. dxe5 d4 4. f4 Nc6 5. Nf3 f6 6. exf6 Nxf6 7. a3 Bf5 8. b4 Qd7 9. b5 Na5 10. Qxd4 O-O-O 11. Qxd7+ Nxd7 12. Nbd2 Nc5 13. Bb2 Nab3 14. Nxb3 Nxb3 15. Rd1 Bc5 16. Ne5 Bf2+ 17. Kxf2 Rxd1 18. g4 Be4 19. Rg1 Rf8 20. Ke3 g5 21. f5 Bb1 22. Nf3 Re8+ 23. Kf2 Nc5 24. Nxg5 h6 25. Nf7 Ne4+ 26. Kg2 h5 27. g5 Nd2 28. Nh6 Nxc4 29. Bg7 Ne3+ 30. Kf2 Bxf5 31. Nxf5 Nxf5 32. Bh3 Rd5 33. Re1 Kb8 34. Bf6 Nd6 35. Kg1 Ne4 36. Bg2 Nxf6 37. gxf6 Rf5 38. Rf1 Rxf1+ 39. Kxf1 Rf8 40. h4 Rxf6+ 41. Bf3 Rf4 42. Kg2 Rxh4 43. e4 Rf4 44. Kg3 Rf8 45. Bxh5 c5 46. bxc6 bxc6 47. e5 Kc7 48. Bg4 c5 49. e6 Kd6 50. Kh4 Rf4 51. Kg5 Ra4 52. Bf5 Ke7 0-1

[Event "Scarborough CC Falling Leaves"]
[Site "Toronto CAN"]
[Date "2009.11.05"]
[Round "1"]
[White "Yuan, Yuanling"]
[Black "Manalo, Pepin"]
[Result "1-0"]
[WhiteElo "2304"]
[BlackElo "1829"]
[PlyCount "93"]
[GameId "2160767910030445"]
[EventDate "2009.11.05"]
[EventType "swiss"]
[EventRounds "7"]
[EventCountry "CAN"]
[SourceTitle "EXT 2011"]
[Source "ChessBase"]
[SourceDate "2011.11.26"]
[SourceVersion "1"]
[SourceVersionDate "2011.11.26"]
[SourceQuality "1"]

1. e4 c6 2. d4 d5 3. Nc3 dxe4 4. Nxe4 Bf5 5. Ng3 Bg6 6. Nf3 Nd7 7. Bd3 Bxd3 8. Qxd3 Ngf6 9. O-O e6 10. Re1 Bd6 11. Nf5 Bf8 12. Bf4 Nb6 13. c4 h6 14. Rad1 g6 15. Ng3 Rg8 16. h4 Bb4 17. Re2 Ng4 18. c5 Nd5 19. Bd6 Ba5 20. Ne4 Qd7 21. Bg3 Bc7 22. Nd6+ Bxd6 23. Bxd6 O-O-O 24. Qa3 a6 25. Nd2 g5 26. h5 Ngf6 27. Nc4 Ne8 28. Ne5 Nxd6 29. Nxd7 Nb5 30. Nb6+ Nxb6 31. Qf3 Nd5 32. a4 Nbc7 33. Qxf7 Rdf8 34. Qh7 Nf4 35. Ree1 Rh8 36. Qc2 Nxh5 37. b4 Nf4 38. Rd2 Rf6 39. Ra1 g4 40. b5 Kd7 41. bxc6+ Kxc6 42. Qb3 Nfd5 43. Rb1 Rb8 44. Qg3 Rf4 45. Rb6+ Kd7 46. c6+ Kc8 47. cxb7+ 1-0

[Event "Scarborough CC Falling Leaves"]
[Site "Toronto CAN"]
[Date "2009.11.12"]
[Round "2"]
[White "Bao, Stephen"]
[Black "Wu, Aaron"]
[Result "0-1"]
[WhiteElo "1524"]
[BlackElo "1986"]
[PlyCount "70"]
[GameId "2160767910030446"]
[EventDate "2009.11.05"]
[EventType "swiss"]
[EventRounds "7"]
[EventCountry "CAN"]
[SourceTitle "EXT 2011"]
[Source "ChessBase"]
[SourceDate "2011.11.26"]
[SourceVersion "1"]
[SourceVersionDate "2011.11.26"]
[SourceQuality "1"]

1. e4 c5 2. Nf3 Nc6 3. d4 cxd4 4. Nxd4 Nf6 5. Nc3 e5 6. Ndb5 d6 7. Bg5 a6 8. Na3 b5 9. Nd5 Be7 10. Nxe7 Qxe7 11. c3 Bb7 12. Qf3 h6 13. Bxf6 Qxf6 14. Qxf6 gxf6 15. Rd1 O-O-O 16. f3 f5 17. Bd3 f4 18. g4 h5 19. g5 h4 20. Bf1 h3 21. Rg1 Ne7 22. c4 b4 23. Nc2 Nc6 24. g6 fxg6 25. Rxg6 Kc7 26. Rg7+ Kb8 27. a3 b3 28. Nb4 Nd4 29. Kf2 a5 30. Nd5 Bxd5 31. cxd5 Rc8 32. Bd3 Rhg8 33. Rdg1 Rxg7 34. Rxg7 Rc2+ 35. Bxc2 bxc2 0-1

[Event "Scarborough CC Falling Leaves"]
[Site "Toronto CAN"]
[Date "2009.11.12"]
[Round "2"]
[White "Conte, Michael"]
[Black "Lin, Tony"]
[Result "1-0"]
[WhiteElo "1802"]
[BlackElo "1652"]
[PlyCount "81"]
[GameId "2160767910030447"]
[EventDate "2009.11.05"]
[EventType "swiss"]
[EventRounds "7"]
[EventCountry "CAN"]
[SourceTitle "EXT 2011"]
[Source "ChessBase"]
[SourceDate "2011.11.26"]
[SourceVersion "1"]
[SourceVersionDate "2011.11.26"]
[SourceQuality "1"]

1. e4 e6 2. d4 d5 3. exd5 exd5 4. c4 c6 5. Nc3 Nf6 6. Bd3 Nbd7 7. Nge2 dxc4 8. Bxc4 b5 9. Bb3 g6 10. Bg5 a6 11. O-O Bg7 12. d5 c5 13. Ne4 Qb6 14. Nxf6+ Nxf6 15. Nc3 O-O 16. Re1 Bb7 17. Qd2 c4 18. Bc2 Rad8 19. Be3 Qc7 20. Bf4 Qd7 21. d6 Rfe8 22. h3 Nh5 23. Bh2 b4 24. Ne4 Bxe4 25. Rxe4 Bxb2 26. Rae1 Bc3 27. Rxe8+ Rxe8 28. Rxe8+ Qxe8 29. Qd1 Nf6 30. Bg3 h6 31. Ba4 Qd8 32. Qe2 Qa5 33. d7 Kg7 34. Qxc4 Nd5 35. Bb3 h5 36. Qxd5 Qa3 37. Qxf7+ Kh6 38. Bf4+ g5 39. Qe6+ Kg7 40. Bxg5 Qb2 41. Qg8# 1-0

[Event "Scarborough CC Falling Leaves"]
[Site "Toronto CAN"]
[Date "2009.11.12"]
[Round "2"]
[White "Ferreira, Alex"]
[Black "Casareno, Erwin"]
[Result "1/2-1/2"]
[WhiteElo "2003"]
[BlackElo "2203"]
[PlyCount "97"]
[GameId "2160767910030448"]
[EventDate "2009.11.05"]
[EventType "swiss"]
[EventRounds "7"]
[EventCountry "CAN"]
[SourceTitle "EXT 2011"]
[Source "ChessBase"]
[SourceDate "2011.11.26"]
[SourceVersion "1"]
[SourceVersionDate "2011.11.26"]
[SourceQuality "1"]

1. Nc3 d5 2. e4 dxe4 3. Nxe4 e5 4. Bc4 Nc6 5. d3 Be7 6. Nf3 Nf6 7. Neg5 O-O 8. Nxf7 Rxf7 9. Ng5 Nd5 10. Nxf7 Kxf7 11. Qf3+ Ke6 12. Be3 Bf6 13. Bc5 Nd4 14. Bxd4 exd4 15. Qe4+ Kf7 16. Qxd5+ Qxd5 17. Bxd5+ Ke7 18. f4 Kd6 19. Be4 h6 20. Kf2 Bd7 21. g3 Rf8 22. Kg2 b5 23. b4 c5 24. bxc5+ Kxc5 25. Rhb1 Rc8 26. Kf3 Kb6 27. Rb2 a5 28. a4 b4 29. Kf2 Rc5 30. Bf3 g5 31. fxg5 Bxg5 32. Ke2 Kc7 33. Rba2 Re5+ 34. Be4 Bg4+ 35. Kf2 Re7 36. Kg2 Rf7 37. h3 Be6 38. Rb2 Be3 39. Bf3 Bd2 40. Rf1 Bc3 41. Rbb1 Bd7 42. Bd5 Re7 43. Bb3 Re2+ 44. Rf2 Bxh3+ 45. Kg1 Re3 46. Kh2 Bg4 47. Rbf1 h5 48. Rf7+ Kd6 49. R1f6+ 1/2-1/2

[Event "Scarborough CC Falling Leaves"]
[Site "Toronto CAN"]
[Date "2009.11.12"]
[Round "2"]
[White "Hall, John2"]
[Black "Al Ganabi, Haqi"]
[Result "0-1"]
[WhiteElo "2270"]
[BlackElo "1915"]
[PlyCount "66"]
[GameId "2160767910030449"]
[EventDate "2009.11.05"]
[EventType "swiss"]
[EventRounds "7"]
[EventCountry "CAN"]
[SourceTitle "EXT 2011"]
[Source "ChessBase"]
[SourceDate "2011.11.26"]
[SourceVersion "1"]
[SourceVersionDate "2011.11.26"]
[SourceQuality "1"]

1. d4 Nf6 2. Nf3 d5 3. c4 c6 4. e3 Bg4 5. Qb3 b6 6. Ne5 e6 7. Nc3 Bd6 8. cxd5 Bxe5 9. dxe5 Nxd5 10. f3 Bh5 11. e4 Nc7 12. Be3 O-O 13. Be2 c5 14. Rd1 Qe7 15. O-O Nc6 16. f4 Bxe2 17. Nxe2 Rfd8 18. Qa4 b5 19. Qc2 c4 20. a3 Rxd1 21. Rxd1 Rd8 22. Nc3 f6 23. exf6 gxf6 24. Rxd8+ Qxd8 25. Qf2 a6 26. h3 Ne8 27. Bc5 Qd3 28. Qh4 Nd4 29. Kh2 Qd2 30. Qh6 Ng7 31. Qxf6 Nf3+ 32. Kg3 Nh5+ 33. Kxf3 Nxf6 0-1

[Event "Scarborough CC Falling Leaves"]
[Site "Toronto CAN"]
[Date "2009.11.12"]
[Round "2"]
[White "Jizan, Masoud"]
[Black "Sellars, Karl"]
[Result "1-0"]
[WhiteElo "1743"]
[BlackElo "2265"]
[PlyCount "59"]
[GameId "2160767910030450"]
[EventDate "2009.11.05"]
[EventType "swiss"]
[EventRounds "7"]
[EventCountry "CAN"]
[SourceTitle "EXT 2011"]
[Source "ChessBase"]
[SourceDate "2011.11.26"]
[SourceVersion "1"]
[SourceVersionDate "2011.11.26"]
[SourceQuality "1"]

1. d4 Nf6 2. c4 c5 3. d5 b5 4. Nc3 b4 5. Nb1 g6 6. g3 Bg7 7. Bg2 d6 8. Nf3 O-O 9. O-O a5 10. a4 bxa3 11. Rxa3 Na6 12. Nc3 Nb4 13. e4 Nd7 14. Bd2 Nb6 15. b3 Ba6 16. Re1 a4 17. Nxa4 Nxa4 18. Rxa4 Nd3 19. Ba5 Nxe1 20. Bxd8 Nxf3+ 21. Bxf3 Rfxd8 22. Bg4 Bb7 23. Kg2 Kf8 24. h4 Bd4 25. h5 Rdb8 26. Bd7 Rxa4 27. Bxa4 Bc8 28. hxg6 hxg6 29. Qd2 Kg7 30. Qa5 1-0

[Event "Scarborough CC Falling Leaves"]
[Site "Toronto CAN"]
[Date "2009.11.12"]
[Round "2"]
[White "Kurkowski, Ken"]
[Black "Takov, Chris"]
[Result "0-1"]
[WhiteElo "1635"]
[BlackElo "1792"]
[PlyCount "80"]
[GameId "2160767910030451"]
[EventDate "2009.11.05"]
[EventType "swiss"]
[EventRounds "7"]
[EventCountry "CAN"]
[SourceTitle "EXT 2011"]
[Source "ChessBase"]
[SourceDate "2011.11.26"]
[SourceVersion "1"]
[SourceVersionDate "2011.11.26"]
[SourceQuality "1"]

1. d4 Nf6 2. c4 g6 3. Nc3 Bg7 4. e4 d6 5. Bd3 O-O 6. Nge2 Nc6 7. O-O e5 8. d5 Ne7 9. h3 Nd7 10. Ng3 f5 11. exf5 gxf5 12. f4 e4 13. Bc2 Nf6 14. Be3 Ng6 15. Nce2 Bd7 16. Nd4 Qc8 17. Nh5 Nxh5 18. Qxh5 Rf7 19. b4 Qf8 20. Rac1 Rf6 21. Rce1 Be8 22. Qe2 Bf7 23. Nxf5 Rxf5 24. Bxe4 Rf6 25. Qh5 h6 26. Qg4 Kh8 27. Bd4 Be8 28. Bxf6 Qxf6 29. Bxg6 Bxg6 30. f5 Bf7 31. Re4 Rg8 32. Qh4 Qxh4 33. Rxh4 Kh7 34. Re4 Be5 35. Rfe1 Re8 36. g4 Kg7 37. h4 Kf6 38. Kf2 c6 39. dxc6 bxc6 40. c5 d5 0-1

[Event "Scarborough CC Falling Leaves"]
[Site "Toronto CAN"]
[Date "2009.11.12"]
[Round "2"]
[White "Lamb, Bryan"]
[Black "Rapoport, Alexander"]
[Result "1-0"]
[WhiteElo "2222"]
[BlackElo "1870"]
[PlyCount "71"]
[GameId "2160767910030452"]
[EventDate "2009.11.05"]
[EventType "swiss"]
[EventRounds "7"]
[EventCountry "CAN"]

1. d4 d5 2. Nc3 Nf6 3. Bg5 Bf5 4. f3 h6 5. Bxf6 exf6 6. e4 dxe4 7. fxe4 Bh7 8. Nf3 Bb4 9. Bd3 O-O 10. O-O Nc6 11. Ne2 Re8 12. c3 Bd6 13. Qc2 Qd7 14. Rae1 Ne7 15. Ng3 Bxg3 16. hxg3 Qg4 17. Kh2 c6 18. Re2 Rad8 19. Qb3 b5 20. Qxf7+ Kxf7 21. Ne5+ Kg8 22. Nxg4 b4 23. Bc4+ Kh8 24. e5 f5 25. Ne3 g6 26. g4 Rf8 27. gxf5 gxf5 28. g3 Kg7 29. Ng2 Nd5 30. Bxd5 cxd5 31. cxb4 Rc8 32. Ne3 Rb8 33. a3 Rb5 34. Rc2 Rb7 35. Rc5 f4 36. Rxf4 1-0

[Event "Scarborough CC Falling Leaves"]
[Site "Toronto CAN"]
[Date "2009.11.12"]
[Round "2"]
[White "Maister, Martin"]
[Black "Peng, Bill"]
[Result "0-1"]
[WhiteElo "1880"]
[BlackElo "2142"]
[PlyCount "42"]
[GameId "2160767910030453"]
[EventDate "2009.11.05"]
[EventType "swiss"]
[EventRounds "7"]
[EventCountry "CAN"]
[SourceTitle "EXT 2011"]
[Source "ChessBase"]
[SourceDate "2011.11.26"]
[SourceVersion "1"]
[SourceVersionDate "2011.11.26"]
[SourceQuality "1"]

1. c4 Nf6 2. g3 e6 3. Bg2 Be7 4. Nf3 O-O 5. O-O d5 6. cxd5 exd5 7. d4 c6 8. Nc3 Nbd7 9. e4 Nxe4 10. Nxe4 dxe4 11. Ne5 Nxe5 12. dxe5 Qxd1 13. Rxd1 Bf5 14. b3 Bc5 15. Re1 Bd4 16. Ba3 Bxa1 17. Bxf8 Bc3 18. Rc1 Bd2 19. Rd1 e3 20. Bd6 e2 21. Ra1 e1=Q+ 0-1

[Event "Scarborough CC Falling Leaves"]
[Site "Toronto CAN"]
[Date "2009.11.12"]
[Round "2"]
[White "Manalo, Pepin"]
[Black "Ward, Dean"]
[Result "0-1"]
[WhiteElo "1829"]
[BlackElo "1766"]
[PlyCount "74"]
[GameId "2160767910030454"]
[EventDate "2009.11.05"]
[EventType "swiss"]
[EventRounds "7"]
[EventCountry "CAN"]
[SourceTitle "EXT 2011"]
[Source "ChessBase"]
[SourceDate "2011.11.26"]
[SourceVersion "1"]
[SourceVersionDate "2011.11.26"]
[SourceQuality "1"]

1. e4 c5 2. Nc3 a6 3. f4 e6 4. Nf3 d5 5. d4 cxd4 6. Nxd4 Bb4 7. e5 Bxc3+ 8. bxc3 Ne7 9. Bd3 O-O 10. O-O b5 11. Ba3 Re8 12. Qh5 g6 13. Qh6 Qb6 14. Kh1 Nbc6 15. Rf3 Nxd4 16. cxd4 Qxd4 17. Raf1 b4 18. Bc1 Nf5 19. Bxf5 exf5 20. Rh3 Be6 21. Qxh7+ Kf8 22. Qh4 Qc4 23. Re1 Rec8 24. Qf6 Ke8 25. Bd2 a5 26. c3 Qxa2 27. Bc1 b3 28. Rh8+ Kd7 29. Rh7 Rf8 30. Rd1 b2 31. Bxb2 Qxb2 32. Rxd5+ Bxd5 33. Qd6+ Ke8 34. Qxf8+ Kxf8 35. Rxf7+ Kxf7 36. e6+ Kxe6 37. Kg1 Qxg2# 0-1

[Event "Scarborough CC Falling Leaves"]
[Site "Toronto CAN"]
[Date "2009.11.12"]
[Round "2"]
[White "Marcille, Gord"]
[Black "Stewart, Frankie"]
[Result "1-0"]
[WhiteElo "1842"]
[BlackElo "1780"]
[PlyCount "77"]
[GameId "2160767910030455"]
[EventDate "2009.11.05"]
[EventType "swiss"]
[EventRounds "7"]
[EventCountry "CAN"]
[SourceTitle "EXT 2011"]
[Source "ChessBase"]
[SourceDate "2011.11.26"]
[SourceVersion "1"]
[SourceVersionDate "2011.11.26"]
[SourceQuality "1"]

1. e4 e5 2. Nf3 Nc6 3. Bc4 Nf6 4. Nc3 Be7 5. d4 d6 6. d5 Na5 7. Be2 b6 8. O-O O-O 9. b4 Nb7 10. Bb2 Nd7 11. h3 f5 12. exf5 Rxf5 13. Bd3 Rf8 14. Nd2 Bg5 15. Nde4 Bf4 16. Ne2 Qe7 17. Nxf4 exf4 18. Qh5 h6 19. Rfe1 Ne5 20. Bxe5 dxe5 21. Nd2 Qf6 22. Rxe5 Nd6 23. Rae1 Nf7 24. Re7 Qd6 25. Nc4 Qf6 26. Rxc7 f3 27. Ree7 fxg2 28. Nd6 Bxh3 29. Qxh3 Qxd6 30. Qf5 g6 31. Qg4 Ng5 32. Qxg5 Rxf2 33. Rg7+ Kf8 34. Qe7+ Qxe7 35. Rcxe7 Rf6 36. Bc4 Rc8 37. Rc7 Re8 38. d6 h5 39. Rg8# 1-0

[Event "Scarborough CC Falling Leaves"]
[Site "Toronto CAN"]
[Date "2009.11.12"]
[Round "2"]
[White "Mesiti, Silvano"]
[Black "Ugodnikov, Arkadiy"]
[Result "1/2-1/2"]
[WhiteElo "1730"]
[BlackElo "1818"]
[PlyCount "77"]
[GameId "2160767910030456"]
[EventDate "2009.11.05"]
[EventType "swiss"]
[EventRounds "7"]
[EventCountry "CAN"]
[SourceTitle "EXT 2011"]
[Source "ChessBase"]
[SourceDate "2011.11.26"]
[SourceVersion "1"]
[SourceVersionDate "2011.11.26"]
[SourceQuality "1"]

1. e4 e6 2. Nf3 d5 3. exd5 exd5 4. d4 Bd6 5. Nc3 c6 6. Bg5 Ne7 7. Bd3 O-O 8. O-O f6 9. Bd2 Bg4 10. Be2 Qc7 11. h3 Bh5 12. Ne1 Bxe2 13. Qxe2 Qd7 14. Nd3 Na6 15. Rfe1 Nc7 16. Bf4 Ng6 17. Bxd6 Qxd6 18. Qg4 b6 19. b4 Rfe8 20. f4 Rac8 21. a4 a6 22. Ne2 Rcd8 23. Ng3 Qd7 24. f5 Nf8 25. h4 Rxe1+ 26. Rxe1 Re8 27. Rxe8 Nxe8 28. h5 h6 29. Nf4 Nc7 30. Kf2 Qe7 31. Nd3 Nh7 32. c3 Ng5 33. Qf4 Nf7 34. Ne2 Nd6 35. Ng3 Nc4 36. Ne2 Kh7 37. Ng3 Ne8 38. Ne2 Ned6 39. Ng3 1/2-1/2

[Event "Scarborough CC Falling Leaves"]
[Site "Toronto CAN"]
[Date "2009.11.12"]
[Round "2"]
[White "Moffat, Andrei"]
[Black "Radpey, Abdolreza"]
[Result "1-0"]
[WhiteElo "2234"]
[BlackElo "1508"]
[PlyCount "55"]
[GameId "2160767910030457"]
[EventDate "2009.11.05"]
[EventType "swiss"]
[EventRounds "7"]
[EventCountry "CAN"]
[SourceTitle "EXT 2011"]
[Source "ChessBase"]
[SourceDate "2011.11.26"]
[SourceVersion "1"]
[SourceVersionDate "2011.11.26"]
[SourceQuality "1"]

1. e4 c5 2. Nf3 Nc6 3. d4 cxd4 4. Nxd4 e6 5. Nc3 a6 6. Be3 Bb4 7. Bd3 Bxc3+ 8. bxc3 Nge7 9. O-O e5 10. Nb3 d6 11. f4 b5 12. f5 f6 13. Qh5+ Kd7 14. c4 Nb4 15. Qe2 Nxd3 16. Qxd3 bxc4 17. Qxc4 Ke8 18. Rad1 Ra7 19. Bxa7 Qd7 20. Bc5 d5 21. Qe2 d4 22. c3 Qb5 23. Qxb5+ axb5 24. cxd4 Ba6 25. dxe5 fxe5 26. f6 gxf6 27. Rxf6 Rg8 28. Rxa6 1-0

[Event "Scarborough CC Falling Leaves"]
[Site "Toronto CAN"]
[Date "2009.11.12"]
[Round "2"]
[White "Paterson, Jim"]
[Black "Krupka, David"]
[Result "1/2-1/2"]
[WhiteElo "1826"]
[BlackElo "2092"]
[PlyCount "51"]
[GameId "2160767910030458"]
[EventDate "2009.11.05"]
[EventType "swiss"]
[EventRounds "7"]
[EventCountry "CAN"]
[SourceTitle "EXT 2011"]
[Source "ChessBase"]
[SourceDate "2011.11.26"]
[SourceVersion "1"]
[SourceVersionDate "2011.11.26"]
[SourceQuality "1"]

1. e3 d5 2. f4 g6 3. c3 Bg7 4. d4 c6 5. Nf3 Bf5 6. Be2 Bxb1 7. Rxb1 Nf6 8. O-O Nbd7 9. a4 Ne4 10. Bd2 O-O 11. Be1 Qc7 12. Nd2 Nxd2 13. Qxd2 f5 14. Bh4 Nb6 15. b3 Nc8 16. h3 Nd6 17. Bf3 e6 18. Rfc1 b5 19. Qa2 Rfc8 20. Qa3 Bf8 21. Qa2 Kf7 22. Be1 Rab8 23. Ra1 Rb7 24. g4 Kg8 25. g5 Qb6 26. a5 1/2-1/2

[Event "Scarborough CC Falling Leaves"]
[Site "Toronto CAN"]
[Date "2009.11.12"]
[Round "2"]
[White "Pedersen, Rune"]
[Black "Bzikot, Robert"]
[Result "1-0"]
[WhiteElo "2383"]
[BlackElo "2003"]
[PlyCount "75"]
[GameId "2160767910030459"]
[EventDate "2009.11.05"]
[EventType "swiss"]
[EventRounds "7"]
[EventCountry "CAN"]
[SourceTitle "EXT 2011"]
[Source "ChessBase"]
[SourceDate "2011.11.26"]
[SourceVersion "1"]
[SourceVersionDate "2011.11.26"]
[SourceQuality "1"]

1. e4 d6 2. d4 Nf6 3. Nc3 g6 4. f4 Bg7 5. Nf3 c5 6. Bb5+ Bd7 7. e5 Ng4 8. e6 fxe6 9. Ng5 Bxb5 10. Qxg4 Bc4 11. b3 Bxd4 12. Bd2 Bd5 13. Nxd5 exd5 14. O-O-O Nc6 15. Rde1 Bf6 16. Ne6 Qc8 17. Rhf1 Nd4 18. f5 Nxf5 19. Rxf5 gxf5 20. Qh5+ Kd7 21. Qxf5 Kc6 22. c4 d4 23. b4 Kb6 24. bxc5+ dxc5 25. Bf4 Rg8 26. Bc7+ Qxc7 27. Nxc7 Kxc7 28. Qxc5+ Kd7 29. Qf5+ Kc7 30. Qxh7 Rae8 31. Re6 Rg7 32. Qe4 Reg8 33. g3 Rg4 34. Qf3 d3 35. Qxd3 Rd8 36. Qe2 Rdd4 37. Rxe7+ Bxe7 38. Qxe7+ 1-0

[Event "Scarborough CC Falling Leaves"]
[Site "Toronto CAN"]
[Date "2009.11.12"]
[Round "2"]
[White "Picana, Andrew"]
[Black "Yuan, Yuanling"]
[Result "1/2-1/2"]
[WhiteElo "2086"]
[BlackElo "2304"]
[PlyCount "83"]
[GameId "2160767910030460"]
[EventDate "2009.11.05"]
[EventType "swiss"]
[EventRounds "7"]
[EventCountry "CAN"]
[SourceTitle "EXT 2011"]
[Source "ChessBase"]
[SourceDate "2011.11.26"]
[SourceVersion "1"]
[SourceVersionDate "2011.11.26"]
[SourceQuality "1"]

1. e4 c5 2. Nc3 Nc6 3. f4 e6 4. Nf3 Nge7 5. d4 cxd4 6. Nxd4 Nxd4 7. Qxd4 Nc6 8. Qf2 Bb4 9. Bd2 a6 10. a3 Be7 11. Bd3 b5 12. e5 O-O 13. Ne4 Bb7 14. O-O-O Na5 15. Qe2 Rc8 16. Nf6+ Bxf6 17. Bxa5 Qxa5 18. exf6 g6 19. Qe5 Bd5 20. Qg5 Kh8 21. h4 Bc4 22. h5 Bxd3 23. Rxd3 Qa4 24. c3 Rg8 25. hxg6 Rxg6 26. Rxh7+ Kxh7 27. Rh3+ Kg8 28. Qh4 Kf8 29. Qh8+ Rg8 30. Qh6+ Ke8 31. f5 Qg4 32. fxe6 dxe6 33. Re3 Qg5 34. Qh3 Qxf6 35. Kb1 Qf1+ 36. Ka2 Qc4+ 37. Ka1 Rd8 38. Re1 Qd3 39. Rxe6+ Kf8 40. Qh6+ Rg7 41. Qh8+ Rg8 42. Qh6+ 1/2-1/2